| 000 | 00576nam a22001697a 4500 | ||
|---|---|---|---|
| 003 | BD-DhUL | ||
| 005 | 20160830102737.0 | ||
| 008 | 160830b xxu||||| |||| 00| 0 eng d | ||
| 040 | _cBD-DhUL | ||
| 082 | _aA28045 | ||
| 100 | _aরায়, শঙ্করনাথ | ||
| 245 |
_aভারতের সাধক : _b৬ষষ্ঠ খন্ড / _cরায়, শঙ্করনাথ |
||
| 260 |
_aকলকাতা : _bপ্রাচী, _c১৯৭৩ |
||
| 300 |
_aখন্ড ; _c২৪ সেমি. |
||
| 650 |
_aইতিহাস _vHistory |
||
| 942 |
_2ddc _cBK |
||
| 999 |
_c102720 _d102720 |
||